_Pedriatic Nursing Caring for children.-3rd ed. Jane W.Ball (Record no. 13477)
[ view plain ]
| 000 -LEADER | |
|---|---|
| fixed length control field | 00508nam a2200169Ia 4500 |
| 008 - FIXED-LENGTH DATA ELEMENTS--GENERAL INFORMATION | |
| fixed length control field | 151021s9999 xx 000 0 und d |
| 020 ## - INTERNATIONAL STANDARD BOOK NUMBER | |
| International Standard Book Number | 130994057 |
| 050 ## - LIBRARY OF CONGRESS CALL NUMBER | |
| Classification number | RJ245 .P4414 2003 |
| 245 ## - TITLE STATEMENT | |
| Title | _Pedriatic Nursing Caring for children.-3rd ed. Jane W.Ball |
| 260 ## - PUBLICATION, DISTRIBUTION, ETC. (IMPRINT) | |
| Place of publication, distribution, etc. | New Jersey Pearson Education 2003 |
| 300 ## - PHYSICAL DESCRIPTION | |
| Extent | xxxvii,984p.;ill |
| 500 ## - GENERAL NOTE | |
| General note | Includes index. |
| 500 ## - GENERAL NOTE | |
| General note | Includes index. |
| 650 ## - SUBJECT ADDED ENTRY--TOPICAL TERM | |
| Topical term or geographic name as entry element | _Padiatric nursing |
| 700 ## - ADDED ENTRY--PERSONAL NAME | |
| Personal name | _Ruth C.Bindler |
| 980 ## - EQUIVALENCE OR CROSS-REFERENCE-SERIES STATEMENT--PERSONAL NAME/TITLE [LOCAL, CANADA] | |
| Personal name | ^d20130520 11:20:14^oanne |
No items available.